• 首页
  • 本馆介绍
  • 公告通知
  • 最新文献
  • 馆藏检索
  • 电子资源
  • 读者导购
  • 参考咨询
  • 我的图书馆
  • 登录
  • 详细信息显示
  • 放入我的书架
  • 预约/预借图书
  • 作者相关作品
  • 分类相关作品
  • 丛书相关作品
  • 出版社相关作品

书目信息

  • 表格格式
  • 工作单格式
  • 卡片格式
题名:
近代中国反洋教运动
    
 
作者: 李时岳 著
分册:  
出版信息: 北京   人民出版社  1985
页数: 121页
开本: 19cm
丛书名: 祖国丛书
单 册:
中图分类: K256.1
科图分类:
主题词: 中国--历史--1840~1949
电子资源:
ISBN:
000 00709nam2 2200265 45
001 0185015538
005 20040506101938.4
010    @dCNY0.62
091    @b11001.765
100    @a19901008d1985 em y0chiy0121 ea
101 0  @achi
102    @aCN@b110000
105    @ay z 000yy
106    @ar
200 10 @a近代中国反洋教运动@f李时岳著@Ajin dai zhong guo fan yang jiao yun dong
210    @a北京@c人民出版社@d1985
215    @a121页@d19cm
225 2  @a祖国丛书
410  0 @120010@a祖国丛书
606 0  @a中国@x历史@z1840~1949
690    @aK256.1
701  0 @a李时岳@4著@Ali shi yue
801  0 @aCN@b深圳图书馆@c20040506
801  2 @aCN@bNLC@c20040506
905    @f1@b188836@dK256.1@e14
    
    近代中国反洋教运动/李时岳著.-北京:人民出版社,1985
    121页;19cm.-(祖国丛书)
    
    
    ISBN :CNY0.62
    
●
相关链接 在E读中查询图书 在五车中查询图书 在当当中查询图书 在豆瓣中查询图书


正题名:近代中国反洋教运动     索取号:K256.1/14         预约/预借

序号 登录号 条形码 馆藏地/架位号 状态 备注
1 0138835   001890154   密集书库/ [索取号:K256.1/14] 在馆    
2 0138837   001890190   第二借阅区/ [索取号:K256.1/14] 在馆    
3 0188836   000570028   第二样本阅览室/ [索取号:K256.1/14] 在馆    
唐山师范学院图书馆 欢迎您!
大连网信软件有限公司© 版权所有